Občanská společnost a občanský sektor v České republice

Občianska spoločnosť a občiansky sektor - charakteristika. Občiansky sektor v Českej republike. Ekonomické podmienky činnosti neštátnych neziskových organizácií. Cieľové funkcie subjektov v občianskom sektore. Do občianskeho sektora patria hlavne: vzdelávanie, zdravotníctvo, sociálne služby, kultúra...

Ausführliche Beschreibung

Gespeichert in:
Bibliographische Detailangaben
1. Verfasser: Dohnalová, Marie
Format: Buchkapitel
Sprache:Tschechisch
Schlagworte:
Tags: Tag hinzufügen
Keine Tags, Fügen Sie das erste Tag hinzu!

MARC

LEADER 00000naa$a2200000$$$4500
001 0045763
005 20231107131712.3
041 0 |a cze 
044 |a SK 
245 1 0 |a Občanská společnost a občanský sektor v České republice  |c Marie Dohnalová 
520 |a Občianska spoločnosť a občiansky sektor - charakteristika. Občiansky sektor v Českej republike. Ekonomické podmienky činnosti neštátnych neziskových organizácií. Cieľové funkcie subjektov v občianskom sektore. Do občianskeho sektora patria hlavne: vzdelávanie, zdravotníctvo, sociálne služby, kultúra a rekreácia. 
610 2 0 |a spoločnosť občianska 
610 2 0 |a organizácie neziskové 
610 2 0 |a organizácie nevládne 
610 2 0 |a financovanie 
610 2 0 |a dotácie štátne 
610 2 0 |a Česko 
100 1 |a Dohnalová, Marie